Prueba de Geografia e Historia - Estadísticas

Estadísticas generales
  • Esta prueba ha sido intentada 535 veces
  • La puntuación promedio es 13 de 20
Estadísticas de respuestas
Hint Respuesta % Correcto
Islas disputadas entre Inglaterra y Argentina Malvinas
86%
La Isla de Pascua pertenece a este país Chile
82%
País en el cual se encuentra el desierto de Gobi China
82%
Ciudad fundada por Alejandro Magno Alejandría
78%
País situado en Oceanía que comienza por T Tuvalu
77%
El mito del Minotauro está ubicado en esta Isla Creta
74%
Comparte frontera con Suiza y Austria Liechtenstein
74%
Ciudad histórica situada en la región de la Lazio Roma
74%
EEUU perdió una guerra contra este pais Vietnam
70%
Capital de Armenia Erevan
68%
Ciudad conquistada por el Imperio Otomano en 1458 Constantinopla
65%
Región canadiense cuyo nombre significa "Tierra nueva" Terranova
61%
Nombre popular histórico de Irán Persia
60%
El imperio mongol fracasó en invadir este país Japón
55%
Ciudades que componen Budapest Buda y Pest
50%
País en el cual se encuentra el Oasis de Siwa Egipto
46%
Ciudad sueca unida a Copenhague por un puente Malmo
46%
Región más al sur de Argentina Tierra del Fuego
46%
Cadena montañosa que comparten paises como Rusia y Georgia Cáucaso
44%
Región en conflicto entre Pakistán e India Cachemira
30%
No se encontraron pruebas coincidentes
Distribución de puntuación
Porcentaje de gente con cada puntuación
Porcentaje por número respondido
Historial de tus puntuaciones
No has intentado esta prueba.